Personnel policies : The art of attracting, motivating and keeping people

Bibliographic Details
Main Author: KHOO 1956-
Format: Book
Published: Petaling Jaya, Selangor : Pelanduk Pub. , 1995
Subjects:

MARC

LEADER 00000cam a2200000 7i4500
001 0000000830
005 20001012.0
020 0 0 |a 9679785378 
090 0 0 |a 658.301   |b KHO 1995 
100 1 0 |a KHOO   |h Kheng-Hor   |c 1956- 
245 1 0 |a Personnel policies :   |b The art of attracting, motivating and keeping people   |c Khoo Kheng-Hor 
260 0 0 |a Petaling Jaya, Selangor :   |b Pelanduk Pub. ,   |c 1995 
300 |a 153 p. ;   |c 22 cm. 
500 0 0 |a Includes index 
650 0 0 |a Manpower planning 
650 0 0 |a Personnel management 
999 |a 0000000583   |b Monograph   |c Open Shelf   |e Default branch